000 00540nam a22002057a 4500
003 OSt
005 20171127141057.0
008 171127b xxu||||| |||| 00| 0 eng d
020 _a9781437707571
040 _cDNLM
050 _aQV38 G451p 2011
100 _aGladson, Barbara
_912256
245 _aPharmacology for Rehabilitation Professionals
250 _a2nd ed.
260 _aMissouri; Elsevier, 2011
300 _axi,528p;ill: 28cm
504 _aReferences, & index included
650 _aPharmacology
_9357
942 _2z
_cB_BANK
999 _c5882
_d5882